Salt /

Sparad:
Bibliografiska uppgifter
Huvudupphovsman: Edwards, John, 1945-
Materialtyp: Bok
Språk:English
Publicerad: Brisbane : Makar Press, 1977.
Serie:Gargoyle poets ; 26
LEADER 00929nam a2200253 a 4500
001 c000064526
003 CARM
005 19970224000000.0
008 771221s1977 at 000 0 eng d
019 1 |a 1648229  |z 22019798  |z 27514772  |z 57687772  |5 LACONCORD2021 
020 |a 0909354170 :  |c unpriced 
035 |a (OCoLC)5660591  |5 LACONCORD2021 
040 |a ANB  |b eng  |c ANB  |d NSL:M 
042 |a anuc 
082 0 4 |a 821/.3 
100 1 |a Edwards, John,  |d 1945- 
245 1 0 |a Salt /  |c [by] John Edwards. 
260 |a Brisbane :  |b Makar Press,  |c 1977. 
300 |a 24p. ;  |c 23cm. 
440 0 |a Gargoyle poets ;  |v 26 
500 |a Poetry in English. Australian writers, 1945-. Texts (ANB/PRECIS SIN 0000469) 
852 8 |b CARM  |h A2:AF10A0  |i B01735  |p 0029480  |f BK 
999 f f |i c9c6afbd-b2ca-5171-b147-509c9cc0ac00  |s c0191cd0-11d3-570f-9259-0b9ca831c5da 
952 f f |p Can circulate  |a CAVAL  |b CAVAL  |c CAVAL  |d CARM 1 Store  |e B01735  |f A2:AF10A0  |h Other scheme  |i book  |m 0029480